00457nam a2200181Ia 4500008004100000020001800041050001400059100002000073245003400093245004800127260001500175260001600190260000900206300001500215300002700230300001000257500000800267170918s9999 xx 000 0 und d a9780590458993 bD199 1994 aDanziger, Paula aAmber Brown is not a crayon / cPaula Danzinger ; illustrated by Tony Ross. aNew York : bScholastic, c1994 a80 pages : bcolored illustration ; c19cm. a720